000 00268nam a22001097a 4500
008 170123b xxu||||| |||| 00| 0 eng d
020 _a2818440002700
041 _aeng
080 _28TH
_a618.2
245 _aPN ADULT MEDICAL SURGICAL NURSING
_cKNIPPA, A
942 _2udc
_cBK
999 _c3395
_d3395